Jakiego klubu to stadion? - Statystyki

Ogólne statystyki
  • Ten quiz został rozwiązany 250 razy
  • Średni wynik to 7 z 10
Statystyki odpowiedzi
Stadion Klub % Poprawnych
Estadio Santiago Bernabeu Real Madryt
96%
Amsterdam Arena Ajax Amsterdam
93%
Anfield Liverpool
92%
San Siro AC Milan
89%
Wanda Metropolitano Atletico Madryt
83%
Olympia stadion (Berlin) Hertha Berlin
79%
Borussia Park Borussia Monchengladbach
63%
Veltins Arena Schalke
41%
Stade Velodrome Olympique Marsylia
38%
Suzuki arena Korona Kielce
29%
Nie znaleziono quizów pasujących do podanych kryteriów
Rozkład punktacji
Procent ludzi z każdym wynikiem
Percentyl według liczby udzielonych odpowiedzi
Twoja historia wyników
Nie rozwiązałeś tego quizu